000 00333 a2200157 4500
001 182867
020 _a
040 _cMagnum
100 _aVieira, Thereza Freire
240 1 0 _aUm ursinho chamado Bilu
_lpor
245 1 0 _aUm ursinho chamado Bilu
300 _a95
362 0 _a1996
697 _aLITERATURA GERAL
942 _cBK
999 _c182867
_d182867